Dzhuletta iz Genui : rasskazy i povesti /

Bibliographic Details
Main Author: Filandrov, Vladimir
Format: Book
Language:Russian
Published: Paris, France : Maxim, 1979.
Edition:1st Russian ed.

MARC

Tag First Indicator Second Indicator Subfields
LEADER 00000cam a2200000 a 4500
001 in00000084920
005 20151008054423.0
008 801001s1979 fr a 00011 rusm
010 |a  80501050  
015 |a F*** 
035 |a (OCoLC)06863444 
035 |9 AAJ0604AM 
040 |a DLC  |c DLC  |d m.c.  |d TXA  |d UtOrBLW 
049 |a TXAM  |c [1442123] 
050 0 0 |a PG3480.I357  |b D9 1979 
100 1 |a Filandrov, Vladimir. 
245 1 0 |a Dzhuletta iz Genui :  |b rasskazy i povesti /  |c Vladimir Filandrov. 
250 |a 1st Russian ed. 
264 1 |a Paris, France :  |b Maxim,  |c 1979. 
300 |a 157 pages :  |b illustrations ;  |c 21 cm. 
336 |a text  |b txt  |2 rdacontent 
337 |a unmediated  |b n  |2 rdamedia 
338 |a volume  |b nc  |2 rdacarrier 
500 |a Added title page: Giuletta di Genova. 
505 0 |a Agent Solzhenitsyna -- Iskusstvennoe serdtse -- Poslednii reis -- Televizor -- Dzhuletta iz Genui. 
740 0 |a Giuletta di Genova. 
999 |a MARS 
999 f f |s 95c5b157-7876-380b-9031-8ef4f21d2be2  |i 991d8441-24ec-3377-9fde-67cc2cd9259a  |t 0 
952 f f |p ric  |a Texas A&M University  |b Rellis Campus  |c Joint Library Facility  |s JLF  |d Remote Storage  |t 0  |e PG3480.I357 D9 1979  |h Library of Congress classification  |i unmediated -- volume  |m A14806176092 
998 f f |a PG3480.I357 D9 1979  |t 0  |l Remote Storage